| 000 | 00777nam a2200277Ia 4500 | ||
|---|---|---|---|
| 001 | Para_6433 | ||
| 003 | CHAP | ||
| 008 | 220125s1965 xx 000 0 und d | ||
| 010 | _a205173 | ||
| 040 | _cCHAP | ||
| 082 | _aPA 621.3125 I59 | ||
| 110 |
_aInternational Atomic Energy Agency _9171157 |
||
| 245 |
_aRadioisotopes and ionizing radiations in entomology ( 1961-1963 ) / _c by IAEA |
||
| 260 |
_aViena : _b IAEA |
||
| 300 | _a564 p. | ||
| 440 |
_aBibliographical series; 15 _9171158 |
||
| 650 |
_aEntomología económica _937145 |
||
| 650 |
_aRadioisotopos _993701 |
||
| 901 | _aPA 621.3125 I59 | ||
| 902 | _aA | ||
| 905 | _a0000001965 0000000000 00 | ||
| 910 | _a1965 | ||
| 942 | _cPARA | ||
| 942 |
_cPARA _d1 |
||
| 999 |
_c205173 _d205173 |
||